000 00447nam a2200193Ia 4500
003 OSt
005 20251209112956.0
008 250729s1968 xx 000 0 und d
040 _cAL
041 _aeng
082 _a574.2 JACG
100 _aJackson Nora
_9226237
245 _aGroundwork of world wealth
260 _aLondon
_c1968
300 _a211p
650 _aBiology
_9226238
700 _aRao Digumurthi
_9226239
942 _2ddc
_cBED
999 _c237227
_d237227